سيكولوجية القضاء الجنائي / (رقم التسجيلة. 110297)

تفاصيل مارك
000 -LEADER
fixed length control field 00545nam a22001697a 4500
005 - DATE AND TIME OF LATEST TRANSACTION
control field 20251108173711.0
008 - FIXED-LENGTH DATA ELEMENTS--GENERAL INFORMATION
fixed length control field 250721s2008 xx 000 0 ara d
082 14 - DEWEY DECIMAL CLASSIFICATION NUMBER
Classification number م/ 355.0019/ عيس
100 1# - MAIN ENTRY--PERSONAL NAME
Personal name العيسوي، عبد الرحمن محمد
Relator term مؤلف
245 10 - TITLE STATEMENT
Title سيكولوجية القضاء الجنائي /
264 1# - PRODUCTION, PUBLICATION, DISTRIBUTION, MANUFACTURE, AND COPYRIGHT NOTICE
Place of production, publication, distribution, manufacture بيروت :
Name of producer, publisher, distributor, manufacturer دار الراتب الجامعية،
Date of production, publication, distribution, manufacture, or copyright notice [2008].
300 ## - PHYSICAL DESCRIPTION
Extent ج4.
650 17 - SUBJECT ADDED ENTRY--TOPICAL TERM
Topical term or geographic name as entry element علم النفس العسكري
650 17 - SUBJECT ADDED ENTRY--TOPICAL TERM
Topical term or geographic name as entry element الموسوعات
942 ## - ADDED ENTRY ELEMENTS (KOHA)
Source of classification or shelving scheme Dewey Decimal Classification
Koha item type مراجع
المقتنيات
حالة السحب حالة الفقدان مصدر التصنيف حالة التلف غير قابل للإعارة المكتبة الرئيسية المكتبة الحالية موقع الرف تاريخ التزويد الرقم المتسلسل Total Checkouts رقم الإستدعاء الباركود تاريخ آخر ظهور تاريخ الفاتورة نوع المادة (كوها)
    Dewey Decimal Classification   Not For Loan المكتبة المركزية المكتبة المركزية مراجع 28/07/2025 1149441   م/ 355.0019/ عيس 1149441 28/07/2025 28/07/2025 مراجع
Implemented & Customized by: BBB with SCIT (Smart Chains for Information Technology)

Powered by Koha